Történelmeinkről - az idő szakadékain át

Podrobná bibliografia
Hlavný autor: Korpás, Árpád, 1974- (Autor)
Médium: Článok
Jazyk:maďarčina
Predmet:

MARC

LEADER 00000nab a2200000 a 4500
001 vtls000801171
003 SK-MaSNL
005 20260319074846.0
008 160324c2002 xo 0 hun
015 |a SNBRB2002/07-22877 
035 |a CLN000152826 
040 |a SNKBUCL  |b slo  |c SNKBUCL  |e AACR2 
041 0 |a hun 
044 |a xo  |c SK 
080 |a 943.7"1918/1938":329(437=945.11)  |2 1997 
080 |a 323.15(437=945.11)"1918/1938":329  |2 1997 
080 |a 329(437=945.11)"1918/1938"  |2 1997 
100 1 |a Korpás, Árpád,  |d 1974-  |4 aut  |9 754487 
245 1 0 |a Történelmeinkről - az idő szakadékain át  |c Korpás Árpád 
600 1 7 |a Angyal, Béla,  |d 1958-  |2 snkbucl  |9 111758 
650 0 7 |a strany politické maďarské  |z Česko-Slovensko  |y 1918-1938  |2 snkbucl  |9 845010 
650 0 7 |a Maďari  |z Česko-Slovensko  |y 1918-1938  |2 snkbucl  |9 480307 
651 7 |a Československo  |x dejiny  |y 1918-1938  |2 snkbucl  |9 13800 
655 7 |a články z novín a časopisov  |2 snkbucl  |9 267496 
773 0 |t Új szó  |g Roč. 55, č. 148 (27.6.2002) 
773 0 |t [Príl.] Könyvjelző  |g Roč. 1, č. 2 (2002), s. 8-9 
850 |a Slovenská národná knižnica v Martine 
852 |a SNK  |b KIS3GCP 
958 |a HU 
958 |a CZ 
958 |a SK 
999 |c 1361978  |d 1363908